000 00909cam a2200277 a 4500
001 6460
003 BD-RjUL
005 20211208234240.0
008 711126s1971 enkg b 001 0 eng d
020 _a0710070004
035 _a(BD-RjUL)6501
040 _aLC
_beng
_cLC
_dSUSA
_dBD-RjUL
041 _aeng
082 0 0 _a801.91
_bFOL 1971
100 1 _aFowler, Roger,
_d1938-
_920334
245 1 4 _aThe languages of literature :
_bsome linguistic contributions to criticism;
_cwith an essay written in collaboration with Peter Mercer, and two papers by F. W. Bateson.
260 _aLondon :
_bRoutledge and K. Paul,
_c1971.
300 _axii, 256 p.;
_bmusic.
_c22 cm.
504 _aIncludes index.
504 _aBibliography: p. [249]-251.
650 0 _aCriticism, Textual.
_920335
700 1 _aBateson, Frederick Wilse,
_d1901-1978.
_920336
942 _2ddc
_cBK
999 _c6460
_d6460